000
00250nam a2200097Ia 4500
008
220204s9999 xx 000 0 und d
082
_a
003
_b
CHI
245
0
_a
Double day children's encyclopedia. 4 V
260
_a
New York
_b
Doubleday
_c
1989
942
_c
BK
999
_c
40227
_d
40227